[Event "Meesterklasse 2014-2015"]
[Site "?"]
[Date "2014.09.27"]
[Round "1.1"]
[White "Dijkhuis, Tycho"]
[Black "Martens, Martin"]
[Result "1/2-1/2"]
[WhiteElo "2382"]
[BlackElo "2418"]
[PlyCount "87"]
[EventDate "2014.??.??"]
[EventCountry "NED"]
[WhiteTeam "Utrecht IV"]
[BlackTeam "Pathena Rotterdam VIII"]
[WhiteTeamCountry "NED"]
[BlackTeamCountry "NED"]
[WhiteClock "0:19:19"]
[BlackClock "0:32:43"]

1. e4 c5 2. Nf3 e6 3. d4 cxd4 4. Nxd4 a6 5. Be2 Nf6 6. Nc3 d6 7. O-O Be7 8. Be3
O-O 9. f4 Qc7 10. Kh1 Nc6 11. Qe1 Nxd4 12. Bxd4 b5 13. Qg3 Bb7 14. a3 Rfe8 15.
Rae1 Rad8 16. Bd3 Rd7 17. a4 b4 18. Na2 Qa5 19. c3 bxc3 20. Bxc3 Qb6 21. a5 Qa7
22. Qh3 h6 23. e5 Nh7 24. Re3 dxe5 25. Bxe5 Nf6 26. Rg3 Kf8 27. f5 Bd8 28. Nc3
Qc5 29. Bf4 h5 30. fxe6 Rxe6 31. Qf5 Qxa5 32. Qxa5 Bxa5 33. Bf5 Rde7 34. Bxe6
Rxe6 35. Re3 Rc6 36. h3 Bb4 37. Rd1 Kg8 38. Be5 a5 39. Rd8+ Kh7 40. Rd1 Re6 41.
Bf4 Rc6 42. Be5 Re6 43. Bf4 Rc6 44. Be5 1/2-1/2

[Event "Meesterklasse 2014-2015"]
[Site "?"]
[Date "2014.09.12"]
[Round "1.1"]
[White "L'Ami, Erwin"]
[Black "Van Foreest, Jorden"]
[Result "1/2-1/2"]
[WhiteElo "2631"]
[BlackElo "2468"]
[PlyCount "85"]
[EventDate "2014.??.??"]
[EventCountry "NED"]
[WhiteTeam "En Passant III"]
[BlackTeam "SISSA IX"]
[WhiteTeamCountry "NED"]
[BlackTeamCountry "NED"]

1. d4 Nf6 2. c4 g6 3. Nc3 Bg7 4. Nf3 O-O 5. g3 d6 6. Bg2 Nc6 7. O-O a6 8. Bf4
Rb8 9. c5 d5 10. Qc1 {Een nieuwe zet waarvan een Nederlandse speler uit de top
10 van de wereld me tijdens de Olympiade vertelde dat het ook speelbaar is.
Dat is zeker het geval! Wit wil zijn toren naar d1 brengen, daarmee Pe5 extra
steun in de rug geven, terwijl soms ook Lh6 een optie is.} Re8 $6 11. Rd1 Bf5
12. Ne5 Ne4 ({Al een heel onprettige stelling voor zwart. Het paard op e5 kan
niet goed geslagen worden en op het natuurlijke} 12... e6 {volgt} 13. f3 {en
de loper komt in problemen. De partijzet is wellicht zwart's beste praktische
kans. Het kost echter wel een pion.}) 13. Nxe4 Bxe4 14. Bxe4 dxe4 15. Qc4 e6 ({
Of} 15... Bxe5 16. dxe5 Qc8 17. e6 ({Bevalt me nog beter dan} 17. Qxe4 {hoewel
daar natuurlijk ook niets mis mee is.}) 17... Qxe6 18. Qxe6 fxe6 19. Bxc7 {met
een heerlijk eindspel.}) 16. Nxc6 bxc6 17. Qxa6 {Je kan hem maar alvast binnen
hebben!} g5 18. Be3 Qd5 {Zwart heeft natuurlijk wel wat spel in de vorm van
een open a- en b-lijn voor de torens en een blokkade over de witte velden. In
een ideale wereld zou hij later met f7-f5 een initiatief op de koningsvleugel
kunnen beginnen dus ik was me er wel van bewust dat er nog wat werk aan de
winkel was.} 19. b3 Ra8 20. Qc4 (20. Qb7 $5 Qd7 21. Qb4 {is de
computersuggestie. Jorden vreesde dit ook maar ik zag na} Qd5 {niet zo goed
hoe ik verder zou komen. Het eindspel leek me extreem goed voor wit, maar dat
is een wat overdreven taxatie. Misschien is bovenstaande variant dus beter.})
20... Qxc4 21. bxc4 h6 22. a4 Reb8 23. a5 Ra6 24. Ra4 ({Na afloop bedachten we
dat} 24. Rdb1 $5 {een betere poging was geweest.} Rxb1+ 25. Rxb1 Rxa5 26. Rb8+
Bf8 27. h4 $1 f6 28. Rb7 {is niet best, maar 24...Td8 is nog steeds erg taai.})
24... Rd8 25. f4 $2 {Erg slordig. Nu moet ik direct de pluspion teruggeven.}
exf3 26. exf3 Rda8 27. Rda1 Rd8 28. Kf1 $5 {Nog een laatste poging.} Bxd4 29.
Rd1 e5 30. Ke2 Kg7 31. Ra3 Rda8 32. Bxd4 exd4 33. Rda1 Kf6 34. Kd3 Rd8 (34...
Ke5 {was logischer, nu kan ik mijn koning naar e4 brengen.}) 35. Ke4 ({Niet
mijn beste dag! Hier is} 35. Rb3 Ke5 36. Rb7 Rc8 {nog steeds een hele serieuze
poging. De pointe is dat na} 37. Ra2 {zwart geen zetten heeft. Bijvoorbeeld} h5
38. Ra1 f6 39. Ra2 h4 40. Ra1 {en de pionzetten gaan een keer ophouden waarna
zwart een pion zal moeten geven. Grote kans dat het dan nog steeds objectief
remise is, maar dat is de beginstelling ook.}) 35... Ke6 36. g4 Kf6 37. h3 Ke6
38. h4 gxh4 39. Rh1 d3 40. Rxd3 Rxd3 41. Kxd3 Kf6 $1 (41... Rxa5 42. Rxh4 f6
43. Rxh6 Rxc5 44. f4 $1 {is wel belangrijk om nog even te vermijden.}) 42. Rxh4
Kg6 43. Rh5 1/2-1/2

[Event "Meesterklasse 2014-2015"]
[Site "?"]
[Date "2014.09.27"]
[Round "1.1"]
[White "Sprenger, Jan Michael"]
[Black "Seel, Christian"]
[Result "1/2-1/2"]
[WhiteElo "2490"]
[BlackElo "2481"]
[PlyCount "93"]
[EventDate "2014.??.??"]
[EventCountry "NED"]
[WhiteTeam "LSG VI"]
[BlackTeam "Voerendaal X"]
[WhiteTeamCountry "NED"]
[BlackTeamCountry "NED"]

1. e4 e5 2. Nf3 Nc6 3. Bb5 Nf6 4. O-O Nxe4 5. Re1 Nd6 6. Nxe5 Nxe5 7. Rxe5+ Be7
8. Bf1 O-O 9. d4 Bf6 10. Re1 Nf5 11. d5 d6 12. Nd2 Bg5 13. Ne4 Bxc1 14. Rxc1
Bd7 15. c4 b6 16. Qd2 a5 17. g3 Re8 18. Bg2 Nh6 19. h3 Bf5 20. Nc3 Bd7 21.
Rxe8+ Qxe8 22. g4 Qe7 23. Re1 Qf8 24. f4 Re8 25. Re3 Rxe3 26. Qxe3 Qd8 27. Ne2
Kf8 28. Nd4 Qe7 29. Qxe7+ Kxe7 30. Kf2 Ng8 31. Be4 g6 32. Kg3 Nf6 33. Bf3 Be8
34. h4 Nd7 35. g5 Nc5 36. f5 f6 37. b3 a4 38. b4 Nd3 39. a3 Ne5 40. Be2 fxg5
41. hxg5 gxf5 42. Nxf5+ Kf7 43. Kf4 Bd7 44. Nd4 Ke7 45. Nf5+ Kf7 46. Nd4 Ke7
47. Nf5+ 1/2-1/2

[Event "Meesterklasse 2014-2015"]
[Site "?"]
[Date "2014.09.27"]
[Round "1.1"]
[White "Van Kampen, Robin"]
[Black "Lobzhanidze, Davit"]
[Result "1/2-1/2"]
[WhiteElo "2612"]
[BlackElo "2435"]
[PlyCount "106"]
[EventDate "2014.??.??"]
[EventCountry "NED"]
[WhiteTeam "BSG II"]
[BlackTeam "Groninger Combinatie"]
[WhiteTeamCountry "NED"]
[BlackTeamCountry "NED"]

1. e4 e5 2. Nf3 Nc6 3. Bb5 a6 4. Ba4 Nf6 5. O-O Be7 6. Re1 b5 7. Bb3 d6 8. c3
O-O 9. h3 Nb8 10. d4 Nbd7 11. Nbd2 Bb7 12. Bc2 Re8 13. Nf1 Bf8 14. Ng3 g6 15.
a4 Bg7 16. Bd3 c6 17. Bg5 Qc7 18. Qd2 Nf8 19. b4 Ne6 20. Be3 Nd7 21. a5 d5 22.
exd5 cxd5 23. dxe5 Nxe5 24. Nxe5 Bxe5 25. Ne2 d4 26. Nxd4 Nxd4 27. Bxd4 Bxd4
28. cxd4 Qd6 29. Bc2 Red8 30. Bb3 Rd7 31. d5 Bxd5 32. Rad1 Rad8 33. Qc3 Qc6 $11
34. Qxc6 Bxc6 35. Rxd7 Rxd7 36. Rc1 Rd6 37. f3 Kf8 38. Kf2 g5 39. Ke3 Ke7 40.
Rc5 f6 41. Bc2 h6 42. Be4 Bxe4 43. Kxe4 Ke6 44. g3 Rd1 45. Rc6+ Rd6 46. Rxd6+
Kxd6 47. h4 Ke6 48. hxg5 hxg5 49. g4 Kd6 50. Kf5 Ke7 51. Ke4 Kd6 52. Kd4 Ke6
53. Ke4 Kd6 1/2-1/2

[Event "Meesterklasse 2014-2015"]
[Site "?"]
[Date "2014.09.27"]
[Round "1.1"]
[White "Van Wely, Loek"]
[Black "Bok, Benjamin"]
[Result "1/2-1/2"]
[WhiteElo "2650"]
[BlackElo "2590"]
[PlyCount "92"]
[EventDate "2014.??.??"]
[EventCountry "NED"]
[WhiteTeam "Charlois Europoort V"]
[BlackTeam "HMC Calder VII"]
[WhiteTeamCountry "NED"]
[BlackTeamCountry "NED"]

1. Nf3 c5 2. c4 Nf6 3. d4 cxd4 4. Nxd4 g6 5. Nc3 d5 6. cxd5 Nxd5 7. Ndb5 Nxc3
8. Qxd8+ Kxd8 9. Nxc3 Bg7 10. Bd2 Be6 11. g3 Nc6 12. Bg2 Rc8 13. O-O Ke8 14.
Rfe1 f5 15. e4 Kf7 16. exf5 gxf5 17. Bf4 Rhd8 18. Rac1 b6 19. Nb5 Nb4 20. Nxa7
Rxc1 21. Rxc1 Rd7 22. Nc6 Nd3 23. Rd1 Nxf4 24. Rxd7 Ne2+ 25. Kf1 Bxd7 26. Kxe2
Bxb2 27. a4 Ke6 28. a5 Bxc6 29. Bxc6 bxa5 30. Kd3 Kf6 31. f4 Ba3 32. Bd7 Bc5
33. Ke2 e6 34. Ba4 Bg1 35. h3 e5 36. fxe5+ Kxe5 37. Bd7 Bc5 38. Kf3 Be7 39. Ke3
Bg5+ 40. Kf3 Bc1 41. Ke2 Ke4 42. g4 fxg4 43. hxg4 h6 44. Kd1 Bg5 45. Kc2 Kf4
46. Kb3 Bd8 1/2-1/2

[Event "Meesterklasse 2014-2015"]
[Site "?"]
[Date "2014.09.27"]
[Round "1.2"]
[White "Burg, Twan"]
[Black "Michiels, Bart"]
[Result "0-1"]
[WhiteElo "2523"]
[BlackElo "2546"]
[PlyCount "122"]
[EventDate "2014.??.??"]
[EventCountry "NED"]
[WhiteTeam "HMC Calder VII"]
[BlackTeam "Charlois Europoort V"]
[WhiteTeamCountry "NED"]
[BlackTeamCountry "NED"]

1. e4 e6 2. d4 d5 3. Nd2 Nf6 4. e5 Nfd7 5. Bd3 c5 6. c3 Nc6 7. Ne2 cxd4 8. cxd4
f6 9. exf6 Nxf6 10. Nf3 Bd6 11. O-O Qc7 12. Bg5 O-O 13. Bh4 Nh5 14. Qc2 h6 15.
Bh7+ Kh8 16. Bg6 Rxf3 17. Bxh5 Rf8 18. Bg3 Bd7 19. a3 Be8 20. Bxe8 Raxe8 21.
Rad1 Kg8 22. b4 Qd7 23. Nc3 Ne7 24. Bxd6 Qxd6 25. Rfe1 Rc8 26. Qd3 Nf5 27. Ne2
Rc4 28. g3 b5 29. Rd2 Qb6 30. Rb1 Nd6 31. Nc3 Rfc8 32. Rb3 Qc6 33. Ne2 Ne4 34.
Rd1 Rc2 35. f3 Nd6 36. Nf4 Nf5 37. Ng6 Qe8 38. Ne5 Qh5 39. Rd2 Nxd4 40. Qxd4
Rxd2 41. Qxd2 Qxe5 42. Re3 Qf5 43. g4 Qf4 44. Qe2 Rc2 45. Qxc2 Qxe3+ 46. Kg2 d4
47. h4 d3 48. Qc8+ Kh7 49. h5 d2 50. Qc2+ Kg8 51. Qc8+ Kf7 52. Qd7+ Kf6 53.
Qd8+ Ke5 54. Qb8+ Kd4 55. Qxa7+ Kd3 56. Qd7+ Kc2 57. Qc6+ Kb1 58. Qd7 Qe2+ 59.
Kg3 d1=Q 60. Qxg7 Qxf3+ 61. Kh4 Qe1# 0-1

[Event "Meesterklasse 2014-2015"]
[Site "?"]
[Date "2014.09.27"]
[Round "1.2"]
[White "Carlier, Bruno"]
[Black "Diepeveen, Vincent"]
[Result "1/2-1/2"]
[WhiteElo "2449"]
[BlackElo "2360"]
[PlyCount "72"]
[EventDate "2014.??.??"]
[EventCountry "NED"]
[WhiteTeam "Pathena Rotterdam VIII"]
[BlackTeam "Utrecht IV"]
[WhiteTeamCountry "NED"]
[BlackTeamCountry "NED"]
[WhiteClock "0:02:04"]
[BlackClock "0:01:25"]

1. e4 c6 2. Nc3 d5 3. Nf3 dxe4 4. Nxe4 Nf6 5. Ng3 g6 6. d4 Nbd7 7. Bc4 Bg7 8.
O-O O-O 9. Re1 Nb6 10. Bb3 Bg4 11. c3 Qd7 12. h3 Bxf3 13. Qxf3 Nbd5 14. a4 a5
15. Bd2 b5 16. axb5 cxb5 17. Ne4 Nxe4 18. Qxe4 e6 19. Qf3 a4 20. Ba2 Rfc8 21.
Bg5 b4 22. Bxd5 Qxd5 23. Qxd5 exd5 24. Bd2 a3 25. bxa3 bxc3 26. Be3 Ra4 27.
Red1 Rca8 28. Rd3 Rc4 29. a4 c2 30. a5 Rac8 31. Rc1 Bf8 32. a6 Ra4 33. Rd2 Ra2
34. a7 Bd6 35. Kf1 Kg7 36. Rdxc2 Rcxc2 1/2-1/2

[Event "Meesterklasse 2014-2015"]
[Site "?"]
[Date "2014.09.27"]
[Round "1.2"]
[White "Hausrath, Daniel"]
[Black "Van Wessel, Rudy"]
[Result "1-0"]
[WhiteElo "2537"]
[BlackElo "2397"]
[PlyCount "79"]
[EventDate "2014.??.??"]
[EventCountry "NED"]
[WhiteTeam "Voerendaal X"]
[BlackTeam "LSG VI"]
[WhiteTeamCountry "NED"]
[BlackTeamCountry "NED"]

1. Nf3 g6 2. g3 Bg7 3. d4 d6 4. Bg2 e5 5. dxe5 dxe5 6. Qxd8+ Kxd8 7. Nc3 c6 8.
Be3 Na6 9. O-O-O+ Kc7 10. Ng5 Nh6 11. f4 f6 12. Nge4 f5 13. Nc5 Nxc5 14. Bxc5
Nf7 15. fxe5 Bxe5 16. e4 f4 17. Rhf1 Bg4 18. Rd3 g5 19. Be3 Rhf8 20. gxf4 gxf4
21. Rxf4 Bxf4 22. Bxf4+ Kc8 23. b4 Re8 24. b5 Ne5 25. Rg3 Bd7 26. bxc6 bxc6 27.
Rg7 Ng6 28. Bd6 Re6 29. Bc5 Ne5 30. Bd4 Kc7 31. Bh3 Kd6 32. Bxe5+ Kxe5 33. Rxd7
Rh6 34. Bf5 Rxh2 35. Rxh7 Rf2 36. Nd1 Rf1 37. Rd7 Rg8 38. Kb2 Rb8+ 39. Kc3 Kf4
40. Nb2 1-0

[Event "Meesterklasse 2014-2015"]
[Site "?"]
[Date "2014.09.27"]
[Round "1.2"]
[White "Lubbe, Nikolas"]
[Black "Smeets, Jan"]
[Result "0-1"]
[WhiteElo "2461"]
[BlackElo "2619"]
[PlyCount "82"]
[EventDate "2014.??.??"]
[EventCountry "NED"]
[WhiteTeam "SISSA IX"]
[BlackTeam "En Passant III"]
[WhiteTeamCountry "NED"]
[BlackTeamCountry "NED"]

1. c4 e6 2. Nf3 Nf6 3. b3 d5 4. e3 c5 5. Bb2 Nc6 6. Be2 d4 7. exd4 cxd4 8. d3
Bc5 9. O-O O-O 10. Nbd2 e5 11. a3 a5 12. Re1 h6 13. Bf1 Re8 14. g3 Bf5 15. Ne4
Nxe4 16. dxe4 Bg4 17. h3 Be6 18. Kg2 Qd7 19. Ng1 f5 20. Bd3 f4 21. Bc1 fxg3 22.
fxg3 Rf8 23. Ra2 Rf7 24. Rf1 Raf8 25. Rxf7 Qxf7 26. Qe2 Bd6 27. Qf2 Qe7 28. Qe1
b6 29. Qe2 Nb8 30. Nf3 Qd7 31. Ng1 Na6 32. Ra1 Nc5 33. Rb1 a4 34. bxa4 Nxd3 35.
Qxd3 Qxa4 36. Rxb6 Bxc4 37. Qd2 Bc5 38. Rg6 Bf1+ 39. Kh1 d3 40. Rg4 Rf2 41.
Rxg7+ Kf8 0-1

[Event "Meesterklasse 2014-2015"]
[Site "?"]
[Date "2014.09.27"]
[Round "1.2"]
[White "Werle, Jan"]
[Black "Riemersma, Liafbern"]
[Result "1-0"]
[WhiteElo "2538"]
[BlackElo "2432"]
[PlyCount "93"]
[EventDate "2014.??.??"]
[EventCountry "NED"]
[WhiteTeam "Groninger Combinatie"]
[BlackTeam "BSG II"]
[WhiteTeamCountry "NED"]
[BlackTeamCountry "NED"]

1. d4 d5 2. c4 c6 3. Nf3 Nf6 4. Nc3 dxc4 5. a4 Bf5 6. Ne5 Nbd7 7. Nxc4 Nb6 8.
Ne5 a5 9. g3 e6 10. Bg2 Bb4 11. O-O O-O 12. e3 h6 13. Qe2 Qe7 14. e4 Bh7 15.
Rd1 Rfd8 16. Bf4 Nfd7 17. Nd3 Bd6 18. e5 Bc7 19. Be4 Nd5 20. Bxh7+ Kxh7 21.
Nxd5 cxd5 22. Be3 Rac8 23. Nf4 f6 24. exf6 Nxf6 25. Rac1 Qe8 26. b3 Bxf4 27.
Bxf4 Rxc1 28. Rxc1 Rc8 29. Re1 Qg6 30. Qb5 Rc2 31. Rxe6 Rxf2 32. Rxf6 Qc2 33.
Rxh6+ gxh6 34. Qd7+ Kg6 35. Qe8+ Kf6 36. Qe5+ Kg6 37. Qe6+ Kg7 38. Qxh6+ Kg8
39. Qe6+ Kg7 40. Qd7+ Kg6 41. Qe8+ Kf6 42. Be5+ Kg5 43. Qg8+ Kh5 44. g4+ Kh4
45. Bg3+ Kh3 46. Qh8+ Kxg4 47. Qh4+ 1-0

[Event "Meesterklasse 2014-2015"]
[Site "?"]
[Date "2014.09.27"]
[Round "1.3"]
[White "Jens, Jelmer"]
[Black "Kuijf, Marinus"]
[Result "0-1"]
[WhiteElo "2370"]
[BlackElo "2387"]
[PlyCount "86"]
[EventDate "2014.??.??"]
[EventCountry "NED"]
[WhiteTeam "Utrecht IV"]
[BlackTeam "Pathena Rotterdam VIII"]
[WhiteTeamCountry "NED"]
[BlackTeamCountry "NED"]
[WhiteClock "0:24:23"]
[BlackClock "0:27:59"]

1. e4 e6 2. d4 d5 3. Nd2 a6 4. Bd3 c5 5. dxc5 Bxc5 6. Ngf3 Nf6 7. Qe2 Nc6 8.
O-O Nb4 9. e5 Nd7 10. Nb3 Be7 11. Be3 Qc7 12. Bd4 Nc6 13. Bc3 Nc5 14. Nxc5 Bxc5
15. a3 Be7 16. Rfe1 Qb6 17. Qd2 Bd7 18. Qf4 h6 19. h4 O-O-O 20. h5 f6 21. exf6
gxf6 22. Bxf6 Rhf8 23. Bd4 Nxd4 24. Qxd4 Bc5 25. Qc3 Kb8 26. Re2 Rc8 27. Qg7
Qd6 28. Qxh6 Rxf3 29. gxf3 Qg3+ 30. Kf1 Qh3+ 31. Ke1 Qh1+ 32. Kd2 Qxa1 33. Qg7
Bb5 34. Bxb5 axb5 35. Rxe6 Qb1 36. Qe5+ Ka7 37. Qxd5 Qxb2 38. h6 Bxa3 39. Qb3
Qc1+ 40. Kd3 Qd1+ 41. Ke3 Bc5+ 42. Kf4 Rf8+ 43. Kg5 Qg1+ 0-1

[Event "Meesterklasse 2014-2015"]
[Site "?"]
[Date "2014.09.27"]
[Round "1.3"]
[White "Reinderman, Dimitri"]
[Black "Van Assendelft, Floris"]
[Result "1-0"]
[WhiteElo "2588"]
[BlackElo "2363"]
[PlyCount "63"]
[EventDate "2014.??.??"]
[EventCountry "NED"]
[WhiteTeam "En Passant III"]
[BlackTeam "SISSA IX"]
[WhiteTeamCountry "NED"]
[BlackTeamCountry "NED"]

1. c4 Nf6 2. Nc3 g6 3. e4 d6 4. d4 Bg7 5. Nf3 O-O 6. Be2 e5 7. O-O Nc6 8. d5
Ne7 9. Ne1 Nd7 10. Be3 f5 11. f3 f4 12. Bf2 g5 13. Nd3 h5 14. c5 Nf6 15. Rc1
Ne8 16. a4 a5 17. Nb5 Rf7 18. cxd6 cxd6 19. Na3 g4 20. Nc4 Ng6 21. fxg4 hxg4
22. Bxg4 f3 23. Bxf3 Bh6 24. Rc3 Nh4 25. Bh5 Rg7 26. Ne1 Bf4 27. Nb6 Qg5 28.
Bxh4 Bxh2+ 29. Kxh2 Qxh4+ 30. Kg1 Nf6 31. Rxf6 Qxf6 32. Nxa8 1-0

[Event "Meesterklasse 2014-2015"]
[Site "?"]
[Date "2014.09.27"]
[Round "1.3"]
[White "Ris, Robert"]
[Black "Geurink, Jasper"]
[Result "1-0"]
[WhiteElo "2423"]
[BlackElo "2345"]
[PlyCount "83"]
[EventDate "2014.??.??"]
[EventCountry "NED"]
[WhiteTeam "BSG II"]
[BlackTeam "Groninger Combinatie"]
[WhiteTeamCountry "NED"]
[BlackTeamCountry "NED"]

1. d4 e6 2. c4 f5 3. g3 Nf6 4. Bg2 c6 5. Nc3 d5 6. Nf3 Bd6 7. O-O O-O 8. Qc2
Qe7 9. Rb1 a6 10. c5 Bc7 11. b4 Bd7 12. Bg5 Be8 13. a4 f4 14. Rbe1 Bg6 15. Qb3
fxg3 16. hxg3 Qf7 17. Ne5 Bxe5 18. dxe5 Ng4 19. e4 h6 20. f3 Nxe5 21. exd5 cxd5
22. Rxe5 hxg5 23. f4 Bd3 24. Bh3 Re8 25. Rfe1 Bc4 26. Qd1 Nc6 27. Rxg5 Qf6 28.
Qd2 Rad8 29. b5 axb5 30. axb5 Nd4 31. Kg2 Nxb5 32. Rge5 Nc7 33. Qd4 Ra8 34. Bg4
Qg6 35. Rg5 Qc2+ 36. Re2 e5 37. Qxc4 Qc1 38. Qd3 Ra1 39. Kh3 Qf1+ 40. Kh4 Ra6
41. Rh5 g6 42. Bh3 1-0

[Event "Meesterklasse 2014-2015"]
[Site "?"]
[Date "2014.09.27"]
[Round "1.3"]
[White "Van Den Doel, Erik"]
[Black "Dambacher, Martijn"]
[Result "1/2-1/2"]
[WhiteElo "2556"]
[BlackElo "2497"]
[PlyCount "96"]
[EventDate "2014.??.??"]
[EventCountry "NED"]
[WhiteTeam "Charlois Europoort V"]
[BlackTeam "HMC Calder VII"]
[WhiteTeamCountry "NED"]
[BlackTeamCountry "NED"]

1. e4 e5 2. Nf3 Nc6 3. Bb5 g6 4. O-O Bg7 5. c3 a6 6. Ba4 Nge7 7. d4 exd4 8.
cxd4 b5 9. Bc2 d6 10. h3 O-O 11. a4 Bb7 12. Nc3 b4 13. Na2 a5 14. Bf4 Qd7 15.
Nc1 f5 16. Bb3+ Kh8 17. e5 dxe5 18. dxe5 Qe8 19. Qc2 Nd8 20. Nd4 Nec6 21. Nb5
Rc8 22. Nd3 Ba6 23. Bd5 Bxb5 24. axb5 Nd4 25. Qc4 N8e6 26. Bxe6 Nxe6 27. Rxa5
Rd8 28. Be3 Qd7 29. Nc5 Nxc5 30. Bxc5 Rfe8 31. f4 g5 32. Ra7 Qd5 33. Qxd5 Rxd5
34. Rxc7 gxf4 35. Re1 Bxe5 36. Kf1 Red8 37. Rc6 Bxb2 38. b6 Bc3 39. b7 Bxe1 40.
Rc8 Bg3 41. Bb6 Rd1+ 42. Ke2 R1d2+ 43. Kf3 R2d3+ 44. Ke2 f3+ 45. gxf3 Rd2+ 46.
Ke3 R2d3+ 47. Ke2 Rd2+ 48. Ke3 R2d3+ 1/2-1/2

[Event "Meesterklasse 2014-2015"]
[Site "?"]
[Date "2014.09.27"]
[Round "1.3"]
[White "Van Haastert, Edwin"]
[Black "Wantola, Ivo"]
[Result "0-1"]
[WhiteElo "2440"]
[BlackElo "2330"]
[PlyCount "76"]
[EventDate "2014.??.??"]
[EventCountry "NED"]
[WhiteTeam "LSG VI"]
[BlackTeam "Voerendaal X"]
[WhiteTeamCountry "NED"]
[BlackTeamCountry "NED"]

1. d4 Nf6 2. Nc3 d5 3. Bg5 c5 4. Bxf6 exf6 5. e3 Be6 6. Nge2 Nc6 7. g3 cxd4 8.
exd4 Bb4 9. Bg2 h5 10. Qd3 h4 11. O-O-O Qa5 12. Qb5 Qxb5 13. Nxb5 O-O-O 14. a3
Ba5 15. Nbc3 g5 16. b4 Bc7 17. Rde1 Ne7 18. Nd1 Ng6 19. Ne3 f5 20. Kb2 h3 21.
Bf1 f4 22. gxf4 gxf4 23. Nd1 Nh4 24. Ng1 Ng2 25. Re2 f3 26. Rd2 Bg4 27. Rd3 Rd6
28. Ne3 Nxe3 29. Rxe3 Rf6 30. c4 dxc4 31. Bxc4 Rd8 32. Re4 Rxd4 33. Rxd4 Be5
34. Kc3 Rf4 35. Bf1 Rxd4 36. Nxh3 Bf5 37. Kb3 Rd2 38. Rg1 b5 0-1

[Event "Meesterklasse 2014-2015"]
[Site "?"]
[Date "2014.09.27"]
[Round "1.4"]
[White "Braun, Christian"]
[Black "Van der Werf, Mark"]
[Result "0-1"]
[WhiteElo "2360"]
[BlackElo "2414"]
[PlyCount "66"]
[EventDate "2014.??.??"]
[EventCountry "NED"]
[WhiteTeam "Voerendaal X"]
[BlackTeam "LSG VI"]
[WhiteTeamCountry "NED"]
[BlackTeamCountry "NED"]

1. e4 e5 2. Nf3 Nc6 3. Bc4 Nf6 4. d3 Be7 5. c3 O-O 6. O-O d5 7. Bb5 dxe4 8.
dxe4 Nxe4 9. Qxd8 Rxd8 10. Re1 f5 11. Bxc6 bxc6 12. Nxe5 Bc5 13. Be3 Bxe3 14.
fxe3 Bb7 15. Na3 Rd5 16. Nf3 Rad8 17. Nd4 c5 18. Ne6 R8d7 19. Nf4 Rd2 20. Nc4
Rc2 21. Rad1 Rxd1 22. Rxd1 g5 23. Rd8+ Kf7 24. Nd3 Ke7 25. Rh8 Nf6 26. Ne1 Rc1
27. Kf2 Ba6 28. b3 Bxc4 29. bxc4 Rxc3 30. Rc8 Kd7 31. Rf8 Ke6 32. Rc8 Rxc4 33.
Rxc7 Ra4 0-1

[Event "Meesterklasse 2014-2015"]
[Site "?"]
[Date "2014.09.27"]
[Round "1.4"]
[White "Hoeksema, Erik"]
[Black "Willemze, Thomas"]
[Result "1/2-1/2"]
[WhiteElo "2341"]
[BlackElo "2416"]
[PlyCount "40"]
[EventDate "2014.??.??"]
[EventCountry "NED"]
[WhiteTeam "Groninger Combinatie"]
[BlackTeam "BSG II"]
[WhiteTeamCountry "NED"]
[BlackTeamCountry "NED"]

1. d4 c5 2. d5 Nf6 3. Nc3 g6 4. e4 d6 5. Nf3 Bg7 6. Bb5+ Nbd7 7. a4 O-O 8. h3
Rb8 9. a5 Ne8 10. Bf4 Nc7 11. Bxd7 Qxd7 12. O-O b5 13. axb6 axb6 14. Qd2 Re8
15. Rfe1 f6 16. Bh6 Bh8 17. Rab1 Bb7 18. b4 Ba6 19. Qf4 Rec8 20. Re3 Bg7
1/2-1/2

[Event "Meesterklasse 2014-2015"]
[Site "?"]
[Date "2014.09.27"]
[Round "1.4"]
[White "Swinkels, Robin"]
[Black "Hovhanisian, Mher"]
[Result "1-0"]
[WhiteElo "2493"]
[BlackElo "2536"]
[PlyCount "79"]
[EventDate "2014.??.??"]
[EventCountry "NED"]
[WhiteTeam "HMC Calder VII"]
[BlackTeam "Charlois Europoort V"]
[WhiteTeamCountry "NED"]
[BlackTeamCountry "NED"]

1. d4 d5 2. c4 c6 3. Nf3 Nf6 4. e3 a6 5. Bd3 dxc4 6. Bxc4 e6 7. O-O c5 8. Bb3
Nc6 9. Nc3 cxd4 10. exd4 Be7 11. Bg5 O-O 12. Qd2 b5 13. Rad1 b4 14. Bxf6 Bxf6
15. Ne4 Ra7 16. d5 exd5 17. Bxd5 Rd7 18. Nc5 Rc7 19. Qf4 g5 20. Qc4 Qe7 21.
Nxa6 Ra7 22. Rfe1 Ne5 23. Nxe5 Bxa6 24. Qe4 Kg7 25. f4 Bb7 26. Bxb7 Rxb7 27.
Qf3 Qc5+ 28. Kh1 Rfb8 29. Nd7 Qf5 30. Nxb8 Rxb8 31. fxg5 Qxf3 32. gxf3 Bxb2 33.
Re2 Bc3 34. Kg2 Rb5 35. h4 h6 36. f4 hxg5 37. hxg5 Kg6 38. Kf3 f6 39. gxf6 Kxf6
40. Rd6+ 1-0

[Event "Meesterklasse 2014-2015"]
[Site "?"]
[Date "2014.09.27"]
[Round "1.4"]
[White "Ten Vergert, Paul"]
[Black "Ikonnikov, Vyacheslav"]
[Result "0-1"]
[WhiteElo "2214"]
[BlackElo "2576"]
[PlyCount "90"]
[EventDate "2014.??.??"]
[EventCountry "NED"]
[WhiteTeam "SISSA IX"]
[BlackTeam "En Passant III"]
[WhiteTeamCountry "NED"]
[BlackTeamCountry "NED"]

1. e4 c5 2. Nf3 Nc6 3. d4 cxd4 4. Nxd4 e5 5. Nb5 d6 6. N1c3 a6 7. Na3 Be7 8.
Nc4 b5 9. Ne3 Nf6 10. Bd3 O-O 11. O-O Nb4 12. Be2 Be6 13. Bf3 Rb8 14. a3 Nc6
15. Ned5 Nd4 16. Nxe7+ Qxe7 17. Be3 Nxf3+ 18. Qxf3 h6 19. h3 Rfc8 20. Rfd1 a5
21. Rd2 Rc4 22. Nd5 Bxd5 23. exd5 Rbc8 24. c3 a4 25. g4 Ne4 26. Re2 Ng5 27.
Bxg5 Qxg5 28. Qe3 Qg6 29. Qg3 h5 30. gxh5 Qxh5 31. Rae1 f5 32. f3 Kf7 33. Rg2
g6 34. Qg5 Qxg5 35. Rxg5 Kf6 36. Rg2 Rh4 37. Rh2 Kg5 38. Rg2+ Kf6 39. Rh2 Rch8
40. Kg2 g5 41. Rf1 e4 42. Re1 Ke5 43. fxe4 f4 44. Rhh1 g4 45. hxg4 f3+ 0-1